100 images - 100 dessins animés - Quiz ultime - Statistiques

Statistiques générales
  • Ce quiz a été pris 328 fois
  • Le résultat moyen est 46 sur 100
Statistiques - réponses
Par images Réponse % Correct
Oui-Oui au pays des jouets
87%
Tom et Jerry
87%
Bob l'éponge
86%
Les Simpson
86%
Maya l'abeille
86%
Titeuf
86%
Hello Kitty
85%
Pokémon
85%
Winnie l'ourson
85%
Garfield
84%
Dora l'exploratrice
81%
Franklin
81%
La panthère rose
81%
Oggy et les cafards
80%
Tortues Ninja
79%
Cédric
78%
Tom Tom et Nana
77%
Inspecteur Gadget
76%
Les Dalton
76%
Barbapapa
75%
Télétubbies
75%
Titi et Grosminet
75%
Babar
74%
Peppa Pig
74%
Petit ours brun
74%
La famille pirate
72%
Les histoires du père Castor
71%
Scooby-Doo
69%
Totally Spies
66%
Olive et Tom
65%
La Pat'patrouille
64%
Les mystérieuses cités d'or
63%
Les zinzins de l'espace
63%
Ratz
63%
Dragon Ball
61%
La maison de Mickey
61%
Les aventures de Jimmy Neutron, un garçon génial
61%
Winx club
61%
My little pony
60%
Boule et Bill
59%
Charlotte aux fraises
59%
Tom Sawyer
59%
Il était une fois... la vie
58%
Angelo la débrouille
53%
Kim Possible
53%
South Park
53%
Futurama
50%
Le bus magique
50%
Pingu
50%
Sailor Moon
49%
Les malheurs de Sophie
47%
Les supers nanas
47%
Marcelino Pan y Vino
47%
Bip Bip et Coyotte
45%
American Dad
43%
Denver, le dernier dinosaure
43%
Bonne nuit les petits
41%
Le manège enchanté
40%
Les razmoket
39%
Ulysse 31
38%
Princesse Sarah
37%
Atomic Betty
35%
Les Pierrafeu
34%
Le laboratoire de Dexter
32%
Nicky Larson
32%
La cour de récré
31%
Souvenirs de Gravity Falls
28%
BoJack Horseman
27%
Rémi sans famille
24%
Les griffins
23%
Sourire d'enfer
23%
Digimon
22%
Hé Arnold !
22%
Angela Anaconda
21%
Baby looney tunes
21%
Minus et Cortex
21%
Arthur
19%
Jumanji
19%
Rolie Polie Olie
13%
Signé Cat's eyes
13%
Les animaniacs
12%
Sakura, chasseuse de cartes
11%
Michat-Michien
10%
Papyrus
10%
Denis la malice
9%
Le diable de Tasmanie
9%
Daria
8%
Pif et Hercule
8%
Bob's Burgers
7%
Les bons conseils de Célestin
7%
Albert le 5ème mousquetaire
6%
Les animaux du bois de quat'sous
6%
Doug
5%
Les castors allumés
5%
Billy the cat, dans la peau d'un chat
4%
Dr Globule
4%
The Cleveland Show
4%
Les aventures d'une mouche
3%
Monsieur Bonhomme
3%
Anatole
2%
Aucun quiz correspondant
Distribution des résultats
% des personnes avec chaque résultat
Percentile par nombre de réponses
Votre historique - résultats
Vous n’avez pas pris ce quiz